Ancient Wisdom, Science and Health: A Search and Research (Record no. 221037)
[ view plain ]
| 000 -LEADER | |
|---|---|
| fixed length control field | 00774nam a22002657a 4500 |
| 005 - DATE AND TIME OF LATEST TRANSACTION | |
| control field | 20220103165025.0 |
| 008 - FIXED-LENGTH DATA ELEMENTS--GENERAL INFORMATION | |
| fixed length control field | 220103b ||||| |||| 00| 0 eng d |
| 020 ## - INTERNATIONAL STANDARD BOOK NUMBER | |
| International Standard Book Number | 8190176218 |
| 040 ## - CATALOGING SOURCE | |
| Transcribing agency | AL |
| 041 ## - LANGUAGE CODE | |
| Language code of text/sound track or separate title | eng |
| 082 ## - DEWEY DECIMAL CLASSIFICATION NUMBER | |
| Edition number | 23 |
| Classification number | 610.8 |
| Item number | HEGA |
| 100 ## - MAIN ENTRY--PERSONAL NAME | |
| Personal name | B M Hegde |
| 100 ## - MAIN ENTRY--PERSONAL NAME | |
| 9 (RLIN) | 12354 |
| 245 ## - TITLE STATEMENT | |
| Title | Ancient Wisdom, Science and Health: A Search and Research |
| 260 ## - PUBLICATION, DISTRIBUTION, ETC. | |
| Place of publication, distribution, etc. | Delhi: |
| Name of publisher, distributor, etc. | Orange Dot, |
| Date of publication, distribution, etc. | 2003. |
| 300 ## - PHYSICAL DESCRIPTION | |
| Extent | xxxiii,379 p. |
| Other physical details | PB |
| Dimensions | 21x13 cm. |
| 365 ## - TRADE PRICE | |
| Price amount | 490.00 |
| Currency code | ₹ |
| Unit of pricing | 490.00 |
| 650 ## - SUBJECT ADDED ENTRY--TOPICAL TERM | |
| Topical term or geographic name entry element | Medical Science |
| 9 (RLIN) | 12223 |
| 650 ## - SUBJECT ADDED ENTRY--TOPICAL TERM | |
| Topical term or geographic name entry element | Aspirin and Health |
| 9 (RLIN) | 12224 |
| 650 ## - SUBJECT ADDED ENTRY--TOPICAL TERM | |
| Topical term or geographic name entry element | Autonomic Nervous System and the Health |
| 9 (RLIN) | 12225 |
| 650 ## - SUBJECT ADDED ENTRY--TOPICAL TERM | |
| Topical term or geographic name entry element | Cholesterol |
| 9 (RLIN) | 12226 |
| 650 ## - SUBJECT ADDED ENTRY--TOPICAL TERM | |
| Topical term or geographic name entry element | Alcohol |
| 9 (RLIN) | 12227 |
| 700 ## - ADDED ENTRY--PERSONAL NAME | |
| Personal name | HEGDE (B M) |
| 9 (RLIN) | 12228 |
| 710 ## - ADDED ENTRY--CORPORATE NAME | |
| Corporate name or jurisdiction name as entry element | JAIN (D G) Ed |
| 9 (RLIN) | 12353 |
| 942 ## - ADDED ENTRY ELEMENTS (KOHA) | |
| Source of classification or shelving scheme | Dewey Decimal Classification |
| Koha item type | George Fernandes Collections |
| Withdrawn status | Lost status | Source of classification or shelving scheme | Damaged status | Not for loan | Collection code | Home library | Current library | Date acquired | Total Checkouts | Full call number | Barcode | Date last seen | Price effective from | Koha item type |
|---|---|---|---|---|---|---|---|---|---|---|---|---|---|---|
| Dewey Decimal Classification | Others | St Aloysius Library | St Aloysius Library | 03/24/2013 | 610.8 HEGA | GF03564 | 01/03/2022 | 01/03/2022 | George Fernandes Collections |